|
|
|
|
| LEADER |
00000cac a2200000 a 4500 |
| 001 |
60068 |
| 003 |
Ucuenca |
| 005 |
20230712062642.0 |
| 008 |
000000|1973 sp |||||r|||||||||||spa|| |
| 020 |
|
|
|a 8434407108
|
| 040 |
|
|
|b spa
|
| 041 |
1 |
|
|a spa
|
| 082 |
0 |
|
|a 401.43
|
| 100 |
1 |
|
|a Frege, Gottlob.
|d 1848-1925
|9 209510
|
| 245 |
|
|
|a Estudios sobre semántica
|c Gottlob Frege. Traduccion Ulises Moulines
|h imp
|
| 250 |
|
|
|a 2a ed.
|
| 264 |
|
|
|a Barcelona
|b Ariel
|c 1973
|
| 300 |
|
|
|a 179 páginas:
|c 18 cm
|
| 490 |
|
|
|a Ariel Quincenal
|n no. 60
|
| 504 |
|
|
|a incl. ref.
|
| 650 |
|
4 |
|a Semántica
|9 1148
|
| 852 |
|
|
|a UC-CDJBV
|
| 856 |
|
|
|a http://sibuc.ucuenca.edu.ec/portada/si11612-cdj.jpg
|
| 942 |
|
|
|c CR
|0 1
|2 ddc
|
| 999 |
|
|
|c 127858
|d 127858
|